Statistics for Concrete - Lovejoy (All Lyrics)

Click here to take the quiz!

General Stats

  • This quiz has been taken 170 times
  • The average score is 261 of 327

Answer Stats

Concrete% Correct
I
100%
The
99%
the
99%
You
98%
you
98%
a
97%
on
94%
sleep
94%
it
93%
all
92%
Pre-ChorusAll
92%
say
92%
three
92%
And
91%
and
91%
kiss
91%
of
91%
in
90%
Verse 2It's
90%
it's
90%
over
90%
there
90%
this?
90%
this
90%
But
89%
concrete
89%
not
89%
by
88%
what
88%
your
88%
I'm
87%
why
87%
pressed
86%
weren't
86%
Cause
85%
morning
84%
warning
84%
are
83%
IntroOne
83%
one
83%
put
83%
to
82%
two
82%
bouncer's
81%
four
81%
hope
81%
his
80%
here
79%
leaving
79%
me?
79%
Now
79%
third
79%
clothes
78%
ruins
78%
turning
78%
up
78%
With
78%
with
78%
alone
77%
as
77%
kidney
77%
she
77%
sleeping
77%
still
77%
closing
76%
English
76%
life
76%
like
76%
make
76%
rest
76%
saliva
76%
saltwater
76%
spend
76%
that
76%
pubs
75%
stones
75%
sure
75%
empty
74%
need
74%
stomach
74%
words?
74%
drunk
73%
harder
73%
my
73%
Sit
73%
spoke
73%
they're
73%
won't
73%
fast
72%
get
72%
If
72%
off
72%
same
72%
standard
72%
stubborn
72%
way
72%
enough
71%
game
71%
had
71%
more
71%
think
71%
you've
71%
floor
70%
just
70%
says
70%
spite
70%
Verse 1Any
69%
easily
69%
know
69%
When
69%
let
68%
problems
68%
you'd
68%
prose
66%
spitting
66%
yet
66%
so
65%
you're
63%
always
61%
bus
60%
What'd
60%
they'd
58%
pissed
55%
stop
53%
station
52%
night
50%
Is
49%
is
49%
have
46%
listen
46%
people
43%
saying
43%
can
42%
march
42%
yourself?
40%
yourself
40%
How
39%
look
39%
consequence
38%
eyes
36%
Without
36%
desperation
35%
hit
35%
wanting
35%
at
33%
glossed
33%
conversations
32%
windowpane
32%
fist
29%
condensation
28%
through
25%
descends
18%
earlier
18%

Score Distribution

Percentile by Number Answered

Percent of People with Each Score

Your Score History

You have not taken this quiz